Performances of Peace: Utrecht 1713
| Titel: | Performances of Peace: Utrecht 1713 |
|---|---|
| Verfasser: | |
| Beteiligt: | ; ; |
| Veröffentlicht: | [Erscheinungsort nicht ermittelbar] : Brill, 2016 |
| Umfang: | 1 Online Ressource |
| Format: | E-Book |
| Sprache: | Englisch |
| ISBN: | 9789004304772 ; 9789004304789 |
alg: 40031335 001A $06055:07-03-17 001B $01999:04-06-25 $t13:46:51.000 001D $06055:07-03-17 001U $0utf8 001X $00 002@ $0Oax 002C $aText $btxt $2rdacontent 002D $aComputermedien $bc $2rdamedia 002E $aOnline-Ressource $bcr $2rdacarrier 003@ $0400313359 004A $A978-90-04-30477-2 004A $A978-90-04-30478-9 007A $0400313359 $aHEB 007I $0oapen-20.500.12657/32264 009Q $S0 $uhttps://library.oapen.org/handle/20.500.12657/32264 $xR 010@ $aeng 011@ $a2016 017B $aZDB-94-OAL 021A $aPerformances of Peace: Utrecht 1713 028A $aBruin $BVerfasser $dR. de $4aut 028C $aHaven $dC. van der 028C $aJensen $dL. 028C $aOnnekink $dD. 033A $p[Erscheinungsort nicht ermittelbar] $nBrill 033E $p[The Hague] $nOAPEN 034D $a1 Online Ressource 044A $aHumanities $2bicssc $N650 044A $aHistory $2bicssc $N650 044A $aTreaty of Utrecht $N653 044K $#Frieden von Utrecht $#1713 April 11 $#Utrechter Friede $#1713 April 11 $71033993174 $8$aFriede von Utrecht$f1713 April 11 [Tu1] $9320910288 044K $RKrieg $#Spanish Succession, War of, 1701-1714 $#Guerre de la succession d'Espagne (1701-1714) $#Guerra di successione spagnola <1701-1713> $#Guerra de Sucesión española, 1700-1714 $#Spanischer Sukzessionskrieg $74134877-1 $8Spanischer Erbfolgekrieg [Ts1] $9085495255 045B $a940 045B $a940.2526 $eDDC23eng 045E $c940 047A $aSacherschließung maschinell aus paralleler Ausg. übernommen 047I $aPerformances of Peace: Utrecht 1713 aims to rethink the significance of the Peace of Utrecht (1713) by exploring the nexus between culture and politics. This book is available in Open Access. lok: 40031335 3 exp: 40031335 3 1 #EPN 201B/01 $004-06-25 $t01:12:12.461 201U/01 $0utf8 203@/01 $0802660312 208@/01 $a11-03-17 $bl 209S/01 $S0 $uhttps://library.oapen.org/handle/20.500.12657/32264 $XR lok: 40031335 5 exp: 40031335 5 1 #EPN 201B/01 $004-06-25 $t01:12:12.467 201C/01 $018-02-22 201U/01 $0utf8 203@/01 $0118293742X 208@/01 $a18-02-22 $bl 209S/01 $S0 $uhttps://library.oapen.org/handle/20.500.12657/32264 $XR lok: 40031335 8 exp: 40031335 8 1 #EPN 201B/01 $004-06-25 $t01:12:12.473 201U/01 $0utf8 203@/01 $0802660320 208@/01 $a11-03-17 $bl 209S/01 $S0 $uhttps://library.oapen.org/handle/20.500.12657/32264 $XR lok: 40031335 10 exp: 40031335 10 1 #EPN 201B/01 $004-06-25 $t01:12:12.482 201U/01 $0utf8 203@/01 $0802660339 208@/01 $a11-03-17 $bl 209S/01 $S0 $uhttps://library.oapen.org/handle/20.500.12657/32264 $XR lok: 40031335 11 exp: 40031335 11 1 #EPN 201B/01 $004-06-25 $t01:12:12.485 201U/01 $0utf8 203@/01 $0802660347 208@/01 $a11-03-17 $bl 209S/01 $S0 $uhttps://library.oapen.org/handle/20.500.12657/32264 $XR lok: 40031335 13 exp: 40031335 13 1 #EPN 201B/01 $004-06-25 $t01:12:12.490 201U/01 $0utf8 203@/01 $0802660355 208@/01 $a11-03-17 $bl 209S/01 $S0 $uhttps://library.oapen.org/handle/20.500.12657/32264 $XR lok: 40031335 21 exp: 40031335 21 1 #EPN 201B/01 $004-06-25 $t01:12:12.493 201U/01 $0utf8 203@/01 $0802660371 208@/01 $a11-03-17 $bl 209S/01 $S0 $uhttps://library.oapen.org/handle/20.500.12657/32264 $XR lok: 40031335 23 exp: 40031335 23 1 #EPN 201B/01 $004-06-25 $t01:12:12.496 201U/01 $0utf8 203@/01 $080266038X 208@/01 $a11-03-17 $bl 209S/01 $S0 $uhttps://library.oapen.org/handle/20.500.12657/32264 $XR lok: 40031335 24 exp: 40031335 24 1 #EPN 201B/01 $004-06-25 $t01:12:12.503 201U/01 $0utf8 203@/01 $0802660398 208@/01 $a11-03-17 $bl 209S/01 $S0 $uhttps://library.oapen.org/handle/20.500.12657/32264 $XR lok: 40031335 25 exp: 40031335 25 1 #EPN 201B/01 $004-06-25 $t01:12:12.506 201U/01 $0utf8 203@/01 $0802660401 208@/01 $a11-03-17 $bl 209S/01 $S0 $uhttps://library.oapen.org/handle/20.500.12657/32264 $XR lok: 40031335 36 exp: 40031335 36 1 #EPN 201B/01 $004-06-25 $t01:12:12.512 201C/01 $018-02-22 201U/01 $0utf8 203@/01 $01183154704 208@/01 $a18-02-22 $bl 209S/01 $S0 $uhttps://library.oapen.org/handle/20.500.12657/32264 $XR lok: 40031335 51 exp: 40031335 51 1 #EPN 201B/01 $004-06-25 $t01:12:12.550 201U/01 $0utf8 203@/01 $0802660436 208@/01 $a11-03-17 $bl 209S/01 $S0 $uhttps://library.oapen.org/handle/20.500.12657/32264 $XR lok: 40031335 74 exp: 40031335 74 1 #EPN 201B/01 $004-06-25 $t01:12:12.594 201C/01 $013-10-24 201U/01 $0utf8 203@/01 $01277797153 208@/01 $a13-10-24 $bl 209S/01 $S0 $uhttps://library.oapen.org/handle/20.500.12657/32264 $XR lok: 40031335 75 exp: 40031335 75 1 #EPN 201B/01 $004-06-25 $t01:12:12.601 201U/01 $0utf8 203@/01 $0802660452 208@/01 $a11-03-17 $bl 209S/01 $S0 $uhttps://library.oapen.org/handle/20.500.12657/32264 $XR lok: 40031335 107 exp: 40031335 107 1 #EPN 201B/01 $004-06-25 $t01:12:12.604 201C/01 $008-05-20 201U/01 $0utf8 203@/01 $01105165132 208@/01 $a08-05-20 $bl 209S/01 $S0 $uhttps://library.oapen.org/handle/20.500.12657/32264 $XR lok: 40031335 204 exp: 40031335 204 1 #EPN 201B/01 $004-06-25 $t01:12:12.607 201U/01 $0utf8 203@/01 $0802660460 208@/01 $a11-03-17 $bl 209S/01 $S0 $uhttps://library.oapen.org/handle/20.500.12657/32264 $XR lok: 40031335 205 exp: 40031335 205 1 #EPN 201B/01 $004-06-25 $t01:12:12.610 201U/01 $0utf8 203@/01 $0802660479 208@/01 $a11-03-17 $bl 209S/01 $S0 $uhttps://library.oapen.org/handle/20.500.12657/32264 $XR
| LEADER | 00000cam a22000002c 4500 | ||
|---|---|---|---|
| 001 | 400313359 | ||
| 003 | DE-603 | ||
| 005 | 20250604134651.0 | ||
| 007 | cr|||||||||||| | ||
| 008 | 170307s2016 xx |||| o| u00||u|eng c | ||
| 020 | |a 9789004304772 | ||
| 020 | |a 9789004304789 | ||
| 035 | |a (DE-599)HEB400313359 | ||
| 040 | |a DE-603 |b ger |c DE-603 |d DE-603 | ||
| 041 | |a eng | ||
| 082 | 7 | |a 940 | |
| 083 | 7 | |a 940.2526 |2 23/eng | |
| 084 | |a 940 |q DE-101 |2 sdnb | ||
| 100 | 1 | |a Bruin, R. de |e Verfasser |4 aut | |
| 245 | 0 | 0 | |a Performances of Peace: Utrecht 1713 |
| 264 | 1 | |a [Erscheinungsort nicht ermittelbar] |b Brill |c 2016 | |
| 264 | 2 | |a [The Hague] |b OAPEN | |
| 300 | |a 1 Online Ressource | ||
| 336 | |a Text |b txt |2 rdacontent | ||
| 337 | |a Computermedien |b c |2 rdamedia | ||
| 338 | |a Online-Ressource |b cr |2 rdacarrier | ||
| 520 | |a Performances of Peace: Utrecht 1713 aims to rethink the significance of the Peace of Utrecht (1713) by exploring the nexus between culture and politics. This book is available in Open Access. | ||
| 630 | 0 | 7 | |a Friede von Utrecht |f 1713 April 11 |0 (DE-588)1033993174 |0 (DE-603)320910288 |2 gnd |
| 650 | 7 | |a Spanischer Erbfolgekrieg |0 (DE-588)4134877-1 |0 (DE-603)085495255 |2 gnd | |
| 700 | 1 | |a Haven, C. van der | |
| 700 | 1 | |a Jensen, L. | |
| 700 | 1 | |a Onnekink, D. | |
| 856 | |u https://library.oapen.org/handle/20.500.12657/32264 |x Resolving-System |z kostenfrei | ||
| 912 | |a ZDB-94-OAL | ||
| 924 | 1 | |9 603 |a (DE-603)802660312 |b DE-603 |c HES |d d | |
| 924 | 1 | |9 603 |a (DE-603)118293742X |b DE-603 |c HES |d d | |
| 924 | 1 | |9 603 |a (DE-603)802660320 |b DE-603 |c HES |d d | |
| 924 | 1 | |9 603 |a (DE-603)802660339 |b DE-603 |c HES |d d | |
| 924 | 1 | |9 603 |a (DE-603)802660347 |b DE-603 |c HES |d d | |
| 924 | 1 | |9 603 |a (DE-603)802660355 |b DE-603 |c HES |d d | |
| 924 | 1 | |9 603 |a (DE-603)802660371 |b DE-603 |c HES |d d | |
| 924 | 1 | |9 603 |a (DE-603)80266038X |b DE-603 |c HES |d d | |
| 924 | 1 | |9 603 |a (DE-603)802660398 |b DE-603 |c HES |d d | |
| 924 | 1 | |9 603 |a (DE-603)802660401 |b DE-603 |c HES |d d | |
| 924 | 1 | |9 603 |a (DE-603)1183154704 |b DE-603 |c HES |d d | |
| 924 | 1 | |9 603 |a (DE-603)802660436 |b DE-603 |c HES |d d | |
| 924 | 1 | |9 603 |a (DE-603)1277797153 |b DE-603 |c HES |d d | |
| 924 | 1 | |9 603 |a (DE-603)802660452 |b DE-603 |c HES |d d | |
| 924 | 1 | |9 603 |a (DE-603)1105165132 |b DE-603 |c HES |d d | |
| 924 | 1 | |9 603 |a (DE-603)802660460 |b DE-603 |c HES |d d | |
| 924 | 1 | |9 603 |a (DE-603)802660479 |b DE-603 |c HES |d d | |


